书目信息 |
| 题名: |
海洋石油工程概论
|
|
| 作者: | 张振国 , 王长进 , 李银朋 主编 | |
| 分册: | ||
| 出版信息: | 北京 中国石化出版社 2012 |
|
| 页数: | 232页 | |
| 开本: | 26cm | |
| 丛书名: | ||
| 单 册: | ||
| 中图分类: | TE5 | |
| 科图分类: | ||
| 主题词: | 海上油气田--石油工程--高等教育--教材 , 海上油气田 , 石油工程 | |
| 电子资源: | ||
| ISBN: | 978-7-5114-1446-5 | |
| 000 | 01109nam0 2200289 450 | |
| 001 | 012015000284 | |
| 005 | 20150914103421.26 | |
| 010 | @a978-7-5114-1446-5@dCNY48.00 | |
| 100 | @a20120815d2012 em y0chiy50 ea | |
| 101 | 0 | @achi |
| 102 | @aCN@b110000 | |
| 105 | @aa z 000yy | |
| 106 | @ar | |
| 200 | 1 | @a海洋石油工程概论@Ahai yang shi you gong cheng gai lun@f张振国,王长进,李银朋主编 |
| 210 | @a北京@c中国石化出版社@d2012 | |
| 215 | @a232页@c图@d26cm | |
| 300 | @a普通高等教育“十二五”规划教材 | |
| 330 | @a本书主要针对海洋石油开发工程中所涉及的钻井平台、钻井设备、采油平台、钻井工艺、采油设备、采油工艺以及海洋修井设备等进行了介绍,并对未来可能成为海洋开发主要对象的海洋气体水合物进行了讲解,同时关注了海洋石油开发的新动向以及海洋环境的安全保护等。 | |
| 606 | 0 | @a海上油气田@x石油工程@x高等教育@j教材 |
| 606 | 0 | @a海上油气田 |
| 606 | 0 | @a石油工程 |
| 690 | @aTE5@v5 | |
| 701 | 0 | @a张振国@Azhang zhen guo@c(石油工程)@4主编 |
| 701 | 0 | @a王长进@Awang zhang jin@c(石油工程)@4主编 |
| 701 | 0 | @a李银朋@Ali yin peng@4主编 |
| 801 | 0 | @aCN@b碧洲教育@c20150716 |
| 905 | @a10447@f4@dTE5@e31 | |
| 海洋石油工程概论/张振国,王长进,李银朋主编.-北京:中国石化出版社,2012 |
| 232页:图;26cm |
| 普通高等教育“十二五”规划教材 |
| ISBN 978-7-5114-1446-5:CNY48.00 |
| 本书主要针对海洋石油开发工程中所涉及的钻井平台、钻井设备、采油平台、钻井工艺、采油设备、采油工艺以及海洋修井设备等进行了介绍,并对未来可能成为海洋开发主要对象的海洋气体水合物进行了讲解,同时关注了海洋石油开发的新动向以及海洋环境的安全保护等。 |
| ● |
| 相关链接 |
|
|
|
|
正题名:海洋石油工程概论
索取号:TE5/31
 
预约/预借
| 序号 | 登录号 | 条形码 | 馆藏地/架位号 | 状态 | 备注 |
| 1 | 0849903 | 208499034 | 第二样本阅览室/ [索取号:TE5/31] | 在馆 | |
| 2 | 0849904 | 208499043 | 第三借阅区/ [索取号:TE5/31] | 在馆 | |
| 3 | 0849905 | 208499052 | 密集书库-化学系/ [索取号:TE5/31] | 在馆 | |
| 4 | 0849906 | 208499061 | 第三借阅区/ [索取号:TE5/31] | 在馆 |